000 00430nam a2200145Ia 4500
003 GCL
008 140319s9999 xx 000 0 eng d
040 _aGCL /
_cGCL
082 0 4 _a005.13
_bC C
100 1 _aCURIEN,PIERRE LOVIS
245 1 0 _aCATEGORCAL COMBINATROS SEQUNTIAL ALGOVITHMS AND FUNCTIONAL PRORAMMING /
_cCURIEN,PIERRE LOVIS
260 _a[S.N] :
_bBIRKHASER ،
_c1993
650 0 4 _aFORMAL LANGUAGE
942 _2ddc
_cBK
999 _c24469
_d24469